SURVEILLANCE AND TARGET ACQUISITION SYSTEMS (Record no. 580188)

000 -LEADER
fixed length control field 00479nam a22001337a 4500
020 ## - INTERNATIONAL STANDARD BOOK NUMBER
International Standard Book Number 0-08-02334-9
082 ## - DEWEY DECIMAL CLASSIFICATION NUMBER
Classification number 623-BRA SUR
100 ## - MAIN ENTRY--PERSONAL NAME
Personal name RODGERS, A L,FOWLER, I B R,COLLINS, T.K GARLAND
9 (RLIN) 74681
245 ## - TITLE STATEMENT
Title SURVEILLANCE AND TARGET ACQUISITION SYSTEMS
260 ## - PUBLICATION, DISTRIBUTION, ETC.
Place of publication, distribution, etc. USA
Name of publisher, distributor, etc. BRASSEY,S
Date of publication, distribution, etc. 1983
300 ## - PHYSICAL DESCRIPTION
Extent XV,217P
650 ## - SUBJECT ADDED ENTRY--TOPICAL TERM
Topical term or geographic name entry element MILITARY SURVEILLANCE EQUIPMENT AND SUPPLIES HANDBOOK MANUALS.ETC, TARGET ACQUISITION EQUIPMENT AND SUPPLIES HANDBOOK, MANUALS ETC
9 (RLIN) 74682
942 ## - ADDED ENTRY ELEMENTS (KOHA)
Koha item type Book
Holdings
Withdrawn status Lost status Damaged status Not for loan Permanent Location Current Location Shelving location Date acquired Total Checkouts Full call number Barcode Date last seen Price effective from Koha item type
        College of Electrical & Mechanical Engineering (CEME) College of Electrical & Mechanical Engineering (CEME) General Stacks 05/09/2017   623-BRA SUR CEME-15383 06/28/2021 06/28/2021 Book
© 2023 Central Library, National University of Sciences and Technology. All Rights Reserved.